[Event "4th Batumi Cup 2018"]
[Site "Batumi"]
[Date "2018.07.10"]
[Round "9"]
[White "Garayev, Kanan"]
[Black "Pourramezanali, Amirreza"]
[Result "1/2-1/2"]
[WhiteElo "2300"]
[BlackElo "2537"]
[Annotator "ChessBase"]
[PlyCount "57"]
[EventDate "2018.07.03"]
[EventType "swiss"]
[EventCountry "GEO"]
[SourceTitle "playchess.com"]
[Source "ChessBase"]
[SourceQuality "1"]
[TimeControl "40/5400+30:1800+30"]

1. d4 {[%emt 0:03:39]} g6 {[%emt 0:00:00]} 2. c4 {[%emt 0:01:27]} Bg7 {[%emt 0:00:08]} 3. Nc3 {[%emt 0:00:16]} d6 {[%emt 0:00:06]} 4. Nf3 {[%emt 0:02:48]} Bg4 {[%emt 0:00:05]} 5. e3 {[%emt 0:06:23]} e5 {[%emt 0:00:21]} 6. Be2 {[%emt 0:00:55]} exd4 {[%emt 0:03:00]} 7. Nxd4 {[%emt 0:02:57]} Bxe2 {[%emt 0:00:06]} 8. Ndxe2 {[%emt 0:01:46]} Ne7 {[%emt 0:02:01]} 9. e4 {[%emt 0:05:25]} Nbc6 {[%emt 0:03:02]} 10. O-O {[%emt 0:04:35]} O-O {[%emt 0:00:56]} 11. Be3 {[%emt 0:02:08]} f5 {[%emt 0:00:36]} 12. c5 {[%emt 0:06:45]} fxe4 {[%emt 0:07:19]} 13. cxd6 {[%emt 0:00:38]} cxd6 {[%emt 0:02:30]} 14. Nxe4 {[%emt 0:01:39]} d5 {[%emt 0:02:33]} 15. Nc5 {[%emt 0:03:44]} Qc8 {[%emt 0:05:48]} 16. Nd4 {[%emt 0:11:12]} Bxd4 {[%emt 0:08:08]} 17. Bxd4 {[%emt 0:00:02]} Nf5 {[%emt 0:00:25]} 18. Nb3 {[%emt 0:00:23]} Re8 {[%emt 0:06:22]} 19. Bc3 {[%emt 0:05:58]} Qe6 {[%emt 0:03:08]} 20. Re1 {[%emt 0:07:41]} Qf7 {[%emt 0:00:44]} 21. Qd3 {[%emt 0:01:38]} d4 {[%emt 0:01:35]} 22. Bd2 {[%emt 0:01:47]} Ne5 {[%emt 0:09:40]} 23. Qe4 {[%emt 0:04:44]} Nc4 {[%emt 0:01:02]} 24. Qc2 {[%emt 0:00:01]} Qd5 {[%emt 0:07:22]} 25. Rxe8+ {[%emt 0:00:48]} Rxe8 {[%emt 0:00:10]} 26. Re1 {[%emt 0:00:16]} Rxe1+ {[%emt 0:01:41]} 27. Bxe1 {[%emt 0:00:01]} d3 {[%emt 0:34:42]} 28. Qc3 {[%emt 0:00:55]} b5 {[%emt 0:00:00]} 29. Nd2 {[%emt 0:03:05]} 1/2-1/2

[Event "4th Batumi Cup 2018"]
[Site "Batumi"]
[Date "2018.07.10"]
[Round "9"]
[White "Primbetov, Kazbek"]
[Black "Al Hosani, Omran"]
[Result "1-0"]
[WhiteElo "2257"]
[BlackElo "2089"]
[Annotator "NA"]
[PlyCount "87"]
[EventDate "2018.07.03"]
[EventType "swiss"]
[EventCountry "GEO"]
[SourceTitle "playchess.com"]
[Source "ChessBase"]
[SourceQuality "1"]
[TimeControl "40/5400+30:1800+30"]

1. e4 {[%emt 0:02:30]} c5 {[%emt 0:00:00]} 2. Nc3 {[%emt 0:00:21]} a6 {[%emt 0:00:32]} 3. f4 {[%emt 0:00:10]} b5 {[%emt 0:00:15]} 4. g3 {[%emt 0:00:03]} Bb7 {[%emt 0:00:09]} 5. Bg2 {[%emt 0:00:01]} e6 {[%emt 0:00:18]} 6. d3 {[%emt 0:00:15]} d5 {[%emt 0:01:19]} 7. Qe2 {[%emt 0:00:21]} Nc6 {[%emt 0:07:38]} 8. Nf3 {[%emt 0:00:48]} Nd4 $11 {[%emt 0:00:42] LiveBook: 8 Games} 9. Nxd4 {[%emt 0:00:53]} cxd4 {[%emt 0:00:03]} 10. Nd1 {[%emt 0:00:05]} dxe4 {[%emt 0:00:24]} 11. dxe4 {[%emt 0:00:34]} Qb6 {[%emt 0:18:14]} 12. Nf2 {[%emt 0:01:11]} Nf6 {[%emt 0:00:17]} 13. O-O {[%emt 0:00:09]} Rc8 {[%emt 0:00:41]} 14. Rd1 {[%emt 0:07:02]} Be7 {[%emt 0:01:02]} 15. b3 {[%emt 0:03:25]} Bb4 {[%emt 0:19:04]} 16. g4 {[%emt 0:15:24]} Qc7 {[%emt 0:06:54]} 17. g5 {[%emt 0:12:23]} Nd7 {[%emt 0:00:25]} 18. Bb2 {[%emt 0:05:37]} Bc3 {[%emt 0:04:32]} 19. Bxc3 {[%emt 0:00:34]} Qxc3 {[%emt 0:00:13]} 20. Qd2 {[%emt 0:02:26]} e5 {[%emt 0:03:36]} 21. Bh3 {[%emt 0:07:41]} Qxc2 {[%emt 0:12:07]} 22. Qb4 {[%emt 0:21:06]} Qc7 {[%emt 0:14:21]} 23. Nd3 {[%emt 0:02:53]} Bxe4 {[%emt 0:03:44]} 24. Rac1 {[%emt 0:00:23]} Bc6 {[%emt 0:01:48]} 25. Re1 {[%emt 0:09:16]} a5 {[%emt 0:02:17]} 26. Bxd7+ {[%emt 0:01:02]} Bxd7 {[%emt 0:01:52]} 27. Qxd4 {[%emt 0:01:44]} Qb8 {[%emt 0:00:32]} 28. Rxe5+ {[%emt 0:04:05]} Kd8 {[%emt 0:00:26]} 29. Nc5 {[%emt 0:00:21]} Rc7 {[%emt 0:00:18]} 30. Rd5 {[%emt 0:00:48]} Qa7 {[%emt 0:00:27]} 31. Rd1 {[%emt 0:00:32]} Kc8 {[%emt 0:00:27]} 32. Nxd7 {[%emt 0:00:18]} Qxd4+ {[%emt 0:00:28]} 33. R1xd4 {[%emt 0:00:15]} Rc1+ {[%emt 0:00:05]} 34. Kg2 {[%emt 0:00:11]} Rc2+ {[%emt 0:00:03]} 35. Rd2 {[%emt 0:00:44]} Rxd2+ {[%emt 0:00:05]} 36. Rxd2 {[%emt 0:00:02]} h6 {[%emt 0:00:53]} 37. Ne5 {[%emt 0:00:36]} hxg5 {[%emt 0:00:15]} 38. Nxf7 {[%emt 0:00:30]} Rf8 {[%emt 0:00:02]} 39. Nd6+ {[%emt 0:00:22]} Kc7 {[%emt 0:00:07]} 40. fxg5 {[%emt 0:00:00]} Kc6 {[%emt 0:00:00]} 41. h4 {[%emt 0:00:41]} Rf4 {[%emt 0:00:47]} 42. Kg3 {[%emt 0:00:04]} Rf1 {[%emt 0:00:09]} 43. Ne4 {[%emt 0:00:17]} a4 {[%emt 0:00:06]} 44. Rd6+ {[%emt 0:00:24]} 1-0

[Event "4th Batumi Cup 2018"]
[Site "Batumi"]
[Date "2018.07.10"]
[Round "9"]
[White "Martynyuk, Elizaveta"]
[Black "Eynullayev, Altay"]
[Result "0-1"]
[WhiteElo "2182"]
[BlackElo "2134"]
[Annotator "NA"]
[PlyCount "62"]
[EventDate "2018.07.03"]
[EventType "swiss"]
[EventCountry "GEO"]
[SourceTitle "playchess.com"]
[Source "ChessBase"]
[SourceQuality "1"]
[TimeControl "40/5400+30:1800+30"]

1. e4 {[%emt 0:00:00]} e6 {[%emt 0:00:00]} 2. d4 {[%emt 0:00:00]} d5 {[%emt 0:00:00]} 3. Nc3 {[%emt 0:00:00]} Bb4 {[%emt 0:00:00]} 4. exd5 {[%emt 0:00:00]} exd5 {[%emt 0:00:00]} 5. Bd3 {[%emt 0:00:00]} Nc6 {[%emt 0:00:00]} 6. Nge2 {[%emt 0:00:33]} Nge7 {[%emt 0:00:00]} 7. O-O {[%emt 0:00:07]} O-O {[%emt 0:00:01]} 8. a3 {[%emt 0:00:17]} Ba5 {[%emt 0:00:24]} 9. h3 {[%emt 0:03:12]} Bf5 {[%emt 0:03:18]} 10. Be3 {[%emt 0:03:44]} Qd7 {[%emt 0:00:30]} 11. Ng3 {[%emt 0:00:30]} Bxd3 {[%emt 0:00:30]} 12. Qxd3 {[%emt 0:00:30]} Bxc3 {[%emt 0:00:30]} 13. Qxc3 {[%emt 0:00:30]} Ng6 {[%emt 0:00:30]} 14. Ne2 {[%emt 0:00:30]} Nce7 {[%emt 0:00:30]} 15. Rae1 {[%emt 0:00:30]} Rae8 {[%emt 0:00:30]} 16. Bd2 {[%emt 0:00:30]} Nf5 {[%emt 0:00:30]} 17. Qd3 {[%emt 0:00:30]} Re4 {[%emt 0:00:30]} 18. f3 {[%emt 0:00:30]} Re7 {[%emt 0:00:30]} 19. Bb4 {[%emt 0:00:30]} Re3 {[%emt 0:00:30]} 20. Qd2 {[%emt 0:00:30]} Rfe8 {[%emt 0:00:30]} 21. Kf2 {[%emt 0:00:30]} Qd8 {[%emt 0:00:30]} 22. Qd1 {[%emt 0:00:30]} Qh4+ {[%emt 0:00:30]} 23. Kg1 {[%emt 0:00:30]} h6 {[%emt 0:00:30]} 24. Bd2 {[%emt 0:00:30]} R3e6 {[%emt 0:00:30]} 25. c3 {[%emt 0:00:30]} Ne3 {[%emt 0:00:30]} 26. Bxe3 {[%emt 0:00:30]} Rxe3 {[%emt 0:00:30]} 27. Qd2 {[%emt 0:00:30]} Nf4 {[%emt 0:00:30]} 28. Nxf4 {[%emt 0:00:30]} Rxe1 {[%emt 0:00:30]} 29. Nxd5 {[%emt 0:00:30]} R1e2 {[%emt 0:00:30]} 30. Qc1 {[%emt 0:00:30]} Qg3 {[%emt 0:00:30]} 31. Nf4 {[%emt 0:00:30]} Rxg2+ {[%emt 0:00:30]} 0-1

[Event "4th Batumi Cup 2018"]
[Site "Batumi"]
[Date "2018.07.10"]
[Round "9"]
[White "Tereladze, Sopiko"]
[Black "Martynov, Roman"]
[Result "1/2-1/2"]
[WhiteElo "2169"]
[BlackElo "2366"]
[Annotator "NA"]
[PlyCount "62"]
[EventDate "2018.07.03"]
[EventType "swiss"]
[EventCountry "GEO"]
[SourceTitle "playchess.com"]
[Source "ChessBase"]
[SourceQuality "1"]
[TimeControl "40/5400+30:1800+30"]

1. e4 {[%emt 0:04:33]} c5 {[%emt 0:00:00]} 2. Qe2 {[%emt 0:01:44]} Nc6 {[%emt 0:01:38]} 3. d3 {[%emt 0:05:38]} g6 {[%emt 0:08:11]} 4. Nf3 {[%emt 0:06:42]} Bg7 {[%emt 0:00:27]} 5. Nc3 {[%emt 0:09:22]} d6 {[%emt 0:03:07]} 6. h3 {[%emt 0:00:20]} b5 {[%emt 0:08:39]} 7. g3 {[%emt 0:04:10]} e6 {[%emt 0:10:39]} 8. Bg2 {[%emt 0:01:23]} Nge7 {[%emt 0:00:15]} 9. O-O {[%emt 0:00:08]} Rb8 {[%emt 0:00:34]} 10. Be3 {[%emt 0:13:02]} b4 {[%emt 0:05:24]} 11. Nd1 {[%emt 0:00:13]} O-O {[%emt 0:00:39]} 12. Qd2 {[%emt 0:01:18]} Re8 {[%emt 0:02:04]} 13. d4 {[%emt 0:00:43]} Qb6 {[%emt 0:13:48]} 14. dxc5 {[%emt 0:07:39]} dxc5 {[%emt 0:00:04]} 15. Bh6 {[%emt 0:10:59]} Bh8 {[%emt 0:03:06]} 16. Qg5 {[%emt 0:00:41]} f6 {[%emt 0:13:55]} 17. Qh4 {[%emt 0:00:37]} Nd8 {[%emt 0:00:34]} 18. Ne3 {[%emt 0:01:36]} Nf7 {[%emt 0:01:48]} 19. e5 {[%emt 0:03:01]} Nf5 {[%emt 0:03:54]} 20. Nxf5 {[%emt 0:00:14]} exf5 {[%emt 0:00:02]} 21. exf6 {[%emt 0:01:29]} Bxf6 {[%emt 0:02:08]} 22. Ng5 {[%emt 0:03:01]} Nxg5 {[%emt 0:01:26]} 23. Bxg5 {[%emt 0:00:01]} Bxb2 {[%emt 0:00:10]} 24. Rab1 {[%emt 0:01:53]} Be5 {[%emt 0:09:16]} 25. Rfe1 {[%emt 0:10:14]} Bb7 {[%emt 0:02:44]} 26. Qc4+ {[%emt 0:02:02]} Qe6 {[%emt 0:03:26]} 27. Qxc5 {[%emt 0:02:04]} Bxg2 {[%emt 0:00:08]} 28. Kxg2 {[%emt 0:00:22]} Rbc8 {[%emt 0:00:36]} 29. Qxb4 {[%emt 0:02:59]} Qxa2 {[%emt 0:02:42]} 30. Qb3+ {[%emt 0:02:42]} Qxb3 {[%emt 0:00:12]} 31. cxb3 {[%emt 0:02:21]} Bd4 {[%emt 0:00:57]} 1/2-1/2

[Event "4th Batumi Cup 2018"]
[Site "Batumi"]
[Date "2018.07.10"]
[Round "9"]
[White "Khalaji, Hanieh"]
[Black "Sanchez, Louis"]
[Result "0-1"]
[WhiteElo "2146"]
[BlackElo "2290"]
[Annotator "NA"]
[PlyCount "66"]
[EventDate "2018.07.03"]
[EventType "swiss"]
[EventCountry "GEO"]
[SourceTitle "playchess.com"]
[Source "ChessBase"]
[SourceQuality "1"]
[TimeControl "40/5400+30:1800+30"]

1. d4 {[%emt 0:02:25]} g6 {[%emt 0:00:03]} 2. Bf4 {[%emt 0:00:28]} Bg7 {[%emt 0:00:23]} 3. e3 {[%emt 0:00:29]} d6 {[%emt 0:00:23]} 4. Nd2 {[%emt 0:04:05]} e5 {[%emt 0:06:08]} 5. dxe5 {[%emt 0:00:55]} dxe5 {[%emt 0:00:11]} 6. Bg3 $11 {[%emt 0:00:07]} Nd7 {[%emt 0:03:01]} 7. Bc4 {[%emt 0:02:10]} Ne7 {[%emt 0:02:49]} 8. Ne4 {[%emt 0:02:11]} Nf5 {[%emt 0:02:29]} 9. Nf3 {[%emt 0:02:32]} Qe7 {[%emt 0:02:56]} 10. c3 {[%emt 0:02:12]} O-O {[%emt 0:03:21]} 11. Qc2 {[%emt 0:07:00]} h5 {[%emt 0:03:27]} 12. h4 {[%emt 0:03:47]} Nb6 {[%emt 0:07:43]} 13. Bd3 {[%emt 0:07:48]} Bd7 {[%emt 0:02:54]} 14. Nfg5 {[%emt 0:04:49]} Ba4 {[%emt 0:05:33]} 15. Qe2 {[%emt 0:01:08]} Bc6 {[%emt 0:01:29]} 16. O-O-O {[%emt 0:03:26]} Bh6 {[%emt 0:14:25]} 17. Bh2 {[%emt 0:07:13]} Nxh4 {[%emt 0:03:12]} 18. Bg3 {[%emt 0:07:27]} Nf5 {[%emt 0:00:14]} 19. Rxh5 {[%emt 0:10:04]} Nxg3 {[%emt 0:03:02]} 20. fxg3 {[%emt 0:00:24]} gxh5 {[%emt 0:01:07]} 21. Qxh5 {[%emt 0:00:17]} Kg7 {[%emt 0:00:26]} 22. Nf3 {[%emt 0:15:30]} Rh8 {[%emt 0:03:44]} 23. Qg4+ {[%emt 0:02:09]} Kf8 {[%emt 0:00:32]} 24. Nh4 {[%emt 0:02:02]} Nd5 {[%emt 0:11:32]} 25. Qf3 {[%emt 0:01:36]} Qe6 {[%emt 0:05:34]} 26. Kb1 {[%emt 0:01:50]} Ne7 {[%emt 0:06:41]} 27. Rf1 {[%emt 0:03:08]} Rd8 {[%emt 0:01:24]} 28. Bc2 {[%emt 0:01:45]} Bd5 {[%emt 0:02:51]} 29. b3 {[%emt 0:00:58]} c6 {[%emt 0:00:45]} 30. Qh5 {[%emt 0:01:48]} Bxe4 {[%emt 0:01:08]} 31. Bxe4 {[%emt 0:00:07]} Bg7 {[%emt 0:00:36]} 32. Qg5 {[%emt 0:00:26]} Rd6 {[%emt 0:01:43]} 33. c4 {[%emt 0:01:23]} Bf6 {[%emt 0:01:11]} 0-1

[Event "4th Batumi Cup 2018"]
[Site "Batumi"]
[Date "2018.07.10"]
[Round "9"]
[White "Stepanyan, Eva"]
[Black "Chkhaidze, Nikoloz"]
[Result "0-1"]
[WhiteElo "2096"]
[BlackElo "2337"]
[Annotator "NA"]
[PlyCount "84"]
[EventDate "2018.07.03"]
[EventType "swiss"]
[EventCountry "GEO"]
[SourceTitle "playchess.com"]
[Source "ChessBase"]
[SourceQuality "1"]
[TimeControl "40/5400+30:1800+30"]

1. e4 {[%emt 0:00:00]} c5 {[%emt 0:06:40]} 2. Nf3 {[%emt 0:00:00]} e6 {[%emt 0:00:06]} 3. d4 {[%emt 0:00:00]} cxd4 {[%emt 0:00:03]} 4. Nxd4 {[%emt 0:00:00]} a6 {[%emt 0:00:01]} 5. c4 {[%emt 0:00:09]} Nf6 {[%emt 0:00:11]} 6. Nc3 {[%emt 0:00:04]} d6 {[%emt 0:01:25]} 7. Be2 {[%emt 0:02:33]} b6 {[%emt 0:02:32]} 8. Bf3 {[%emt 0:04:28]} Ra7 {[%emt 0:00:34]} 9. O-O {[%emt 0:01:41]} Rc7 {[%emt 0:00:34]} 10. Qa4+ {[%emt 0:04:00]} Nfd7 {[%emt 0:04:33]} 11. Be3 {[%emt 0:08:27]} Be7 {[%emt 0:00:31]} 12. Nxe6 {[%emt 0:20:15]} fxe6 {[%emt 0:00:19]} 13. Bxb6 {[%emt 0:00:04]} O-O {[%emt 0:01:33]} 14. Bxc7 {[%emt 0:00:04]} Qxc7 {[%emt 0:00:03]} 15. Be2 {[%emt 0:01:32]} Nc6 {[%emt 0:01:48]} 16. Rad1 {[%emt 0:02:09]} Qb6 {[%emt 0:04:55]} 17. Qc2 {[%emt 0:03:30]} Nd4 {[%emt 0:01:10]} 18. Qd2 {[%emt 0:00:11]} Bf6 {[%emt 0:01:19]} 19. Kh1 {[%emt 0:01:29]} Bb7 {[%emt 0:01:15]} 20. f3 {[%emt 0:00:53]} Qc5 {[%emt 0:02:14]} 21. b3 {[%emt 0:00:38]} Qh5 {[%emt 0:01:23]} 22. Qe3 {[%emt 0:03:21]} e5 {[%emt 0:03:15]} 23. Bd3 {[%emt 0:04:14]} Nc5 {[%emt 0:02:56]} 24. Bb1 {[%emt 0:01:14]} Bg5 {[%emt 0:04:14]} 25. Qf2 {[%emt 0:04:53]} Rf6 {[%emt 0:00:51]} 26. Ne2 {[%emt 0:01:38]} Nxe2 {[%emt 0:10:26]} 27. Qxe2 {[%emt 0:01:32]} Bf4 {[%emt 0:00:04]} 28. g4 {[%emt 0:00:55]} Qe8 {[%emt 0:13:01]} 29. b4 {[%emt 0:03:28]} Ne6 {[%emt 0:00:46]} 30. Rxd6 {[%emt 0:01:22]} Nd4 {[%emt 0:00:27]} 31. Rxd4 {[%emt 0:00:10]} exd4 {[%emt 0:00:07]} 32. c5 {[%emt 0:01:09]} h5 {[%emt 0:03:48]} 33. Qc4+ {[%emt 0:01:15]} Kh8 {[%emt 0:00:43]} 34. Qxd4 {[%emt 0:00:11]} hxg4 {[%emt 0:00:45]} 35. Qd3 {[%emt 0:08:32]} Bc7 {[%emt 0:06:37]} 36. Kg1 {[%emt 0:04:18]} Qe5 {[%emt 0:04:20]} 37. f4 {[%emt 0:05:40]} Rxf4 {[%emt 0:01:06]} 38. Rxf4 {[%emt 0:00:25]} Qxf4 {[%emt 0:00:05]} 39. e5 {[%emt 0:00:16]} Qc1+ {[%emt 0:00:29]} 40. Kf2 {[%emt 0:00:00]} Qh6 {[%emt 0:00:00]} 41. Ke1 {[%emt 0:02:46]} Qxh2 {[%emt 0:02:02]} 42. e6 {[%emt 0:01:09]} Bf3 {[%emt 0:01:41]} 0-1